000 00440pab a2200181 454500
008 180718b2009 xxu||||| |||| 00| 0 eng d
100 _aFatangare, N.M.
245 _aRestructuring higher education in India: FSK model
260 _c2009
300 _ap.1-9,15.
362 _a26 Oct
650 _aHigher education
700 _aSathe, A.P.
700 _aKulkarni, S.B.
773 _aUniversity News
908 _aN
909 _a84388
999 _c84388
_d84388